|
|
|
|
| LEADER |
00000nab a2200000 a 4500 |
| 001 |
vtls010210628 |
| 003 |
SK-MaSNL |
| 005 |
20260318043911.0 |
| 008 |
110211c20110129xo dr| 0 0slo |
| 038 |
|
|
|a RVGKPD
|
| 040 |
|
|
|a RVGKPD
|b slo
|c RVGKPD
|e AACR2
|
| 041 |
|
|
|a slo
|
| 044 |
|
|
|a xo
|c SK
|
| 080 |
|
|
|a 796.332
|2 1997
|
| 100 |
1 |
|
|a Csobádi, Karol,
|d 1956-2016
|4 aut
|9 1634959
|
| 245 |
1 |
0 |
|a Mladí futbalisti z rožňavy zbierali turnajové skúsenosti
|c Karol Csobádi
|
| 610 |
2 |
7 |
|a SP MFK Rožňava (Rožňava, Slovensko)
|2 rvgkpd
|9 1024861
|
| 650 |
0 |
7 |
|a futbal
|2 rvgkpd
|9 3291
|
| 651 |
|
7 |
|a Rožňava (Slovensko)
|2 rvgkpd
|9 17394
|
| 773 |
0 |
|
|t Gemerský korzár
|g Roč. XIII, č. 23 (29.1.2011), s. 7
|x 1335-7581
|
| 852 |
|
|
|a RVGKPD
|b KIS3G
|
| 992 |
|
|
|a RBX
|
| 999 |
|
|
|c 1816213
|d 1818143
|